000 00586nam a2200181 i 4500
001 56233
003 ES-MaACL
005 20230906163319.0
007 t|
008 031006s1969 sp a d |||| | spa d
245 0 0 _aDiccionario del automóvil /
_c[autores, D. Miguel de Castro Vicente ... et al. ; asesores, D. Eugenio Miquelay Feliu ... et al.].
250 _a1ª ed.
260 _aBarcelona :
_bCeac,
_c1969.
300 _a1158 p. :
_bil. ;
_c24 cm.
650 4 _aAutomóviles-
_vDiccionarios.
_9165670
700 1 _aCastro Vicente, Miguel de.
_936960
852 _aES-MaACL
_jC-42358
999 _c56233
_d56233